L`Oeuvre au Noir

Enregistré dans:
Détails bibliographiques
Auteur principal: Yourcenar, Marguerite
Format: Livre
Langue:Undetermined
Publié: Francia Gallimard 1991
Sujets:
Tags: Ajouter un tag
Pas de tags, Soyez le premier à ajouter un tag!

MARC

LEADER 00000nam a2200000Ia 4500
008 170316s9999 xx 000 0 und d
040 |a cru BVZT 
090 |a 840 Y-1o 
100 |a Yourcenar, Marguerite 
245 |a L`Oeuvre au Noir 
260 |a Francia 
260 |b Gallimard 
260 |c 1991 
300 |a 511 páginas 
650 |a LITERATURA FRANCESA 
999 |c 8075  |d 8075 
942 |c 15 D  |h 840 Y-1o  |2 z